000 00600nam a22001817a 4500
003 CEME
005 20210628203255.0
008 210125b xxu||||| |||| 00| 0 eng d
020 _a9780230-553811
040 _c.
082 _a332.10681 AKK
100 _aAkkizidis, Ioannis, Khandelwal, Sunil Kumar
_964439
245 _aFinancial risk management for islamic banking and finance
260 _aGREAT BRATIN
_bPALGRAVE
_c2008
300 _aXXIX,219P
650 _aRISK MANAGEMENT FOR ISLAMIC BANKING AND FINANCE.FINANCIAL RISK MANAGEMENT FOR ISLAMIC BANKING AND FINANCE
_964440
942 _cBK
_2ddc
999 _c572925
_d572925